| 000 | 00737nam a2200205 i 4500 | ||
|---|---|---|---|
| 001 | 65696 | ||
| 003 | ES-MaACL | ||
| 005 | 20230906165440.0 | ||
| 007 | t| | ||
| 008 | 040120s1964 sp ||||1| spa d | ||
| 100 | 1 |
_aFuchslocher, Eugen. _952815 |
|
| 245 | 1 | 0 |
_aBombas / _cFuchslocher, Schulz ; traducción española por Martín Kraemer Morata ; revisión y prólogo de Rafael Miravitllas Serradell. |
| 250 |
_a10ª ed. alemana, ref. y amp. _bpor Hellmuth Schulz. |
||
| 260 |
_aBarcelona : _bLabor, _c1964. |
||
| 300 |
_aXVI, 332 p. : _bil. ; _c23 cm. |
||
| 700 | 1 |
_aKraemer Morata, Martín. _968699 |
|
| 700 | 1 |
_aMiravitllas Serradell, Rafael. _981572 |
|
| 700 | 1 |
_aSchulz, Hellmuth. _9104795 |
|
| 852 |
_aES-MaACL _jC-25600 _bR.54320 |
||
| 999 |
_c65696 _d65696 |
||